Normal view MARC view
  • Supervisor: Dr. Zujaja Wahaj

Entry Personal Name

Number of records used in: 1

001 - CONTROL NUMBER

  • control field: 123057

003 - CONTROL NUMBER IDENTIFIER

  • control field: NUST

005 - DATE AND TIME OF LATEST TRANSACTION

  • control field: 20240529122410.0

008 - FIXED-LENGTH DATA ELEMENTS

  • fixed length control field: 240529|| aca||aabn | a|a d

040 ## - CATALOGING SOURCE

  • Original cataloging agency: NUST
  • Transcribing agency: NUST

100 ## - HEADING--PERSONAL NAME

  • Personal name: Supervisor: Dr. Zujaja Wahaj

670 ## - SOURCE DATA FOUND

  • Source citation: Work cat.: (NUST)609332: Nadir, Humel 122980, VISIT TO YAŞAR UNIVERSITY & PINAR INDUSTRY/
© 2023 Central Library, National University of Sciences and Technology. All Rights Reserved.